[Event "U.S. Amateur North"]
[Site "Detroit, MI"]
[Date "1998.??.??"]
[Round "?"]
[White "Czymbor, K."]
[Black "Parker, Harvard"]
[Result "0-1"]
[WhiteElo "1605"]
[BlackElo "1605"]
[PlyCount "112"]
[EventDate "1998.05.??"]

{5/24} 1. d4 f5 2. Nc3 d5 3. Qd3 e6 4. a3 c6 5. Nf3 Bd6 6. Ne5 Nd7 7. Qg3 Qe7
8. Bf4 Bxe5 9. Bxe5 Nxe5 10. Qxe5 Nf6 11. f3 O-O 12. e4 fxe4 13. fxe4 Ng4 14.
Qg3 Nf2 15. Rg1 c5 16. Qe3 Qf6 17. e5 Qf5 18. Bd3 cxd4 19. Qxd4 Qg5 20. g3 Bd7
21. Rf1 Nxd3+ 22. cxd3 Rxf1+ 23. Kxf1 Rf8+ 24. Ke2 Qh5+ 25. Kd2 Qxh2+ 26. Ne2
Rf2 27. Re1 a6 28. Qb6 Bc6 29. Qd8+ Kf7 30. Qh4 Qg2 31. Qh5+ Kg8 32. Ke3 Rf3+
33. Qxf3 d4+ 34. Nxd4 Bxf3 35. Nxf3 Qxb2 36. Nd4 Kf7 37. Rf1+ Ke7 38. g4 Qxa3
39. g5 Qc5 40. Rh1 Qxe5+ 41. Kd2 Qxd4 42. Rxh7 Qf4+ 43. Kc3 Qxg5 44. Rh2 Qe5+
45. d4 Qxh2 46. Kc4 g5 47. d5 exd5+ 48. Kxd5 g4 49. Kc5 Qh5+ 50. Kb6 Qb5+ 51.
Ka7 g3 52. Kb8 Kd7 53. Ka8 Kc7 54. Ka7 Qc5+ 55. Ka8 Qf8+ 56. Ka7 Qb8# 0-1

[Event "U.S. Amateur North"]
[Site "Detroit, MI"]
[Date "1998.??.??"]
[Round "?"]
[White "Czymbor, K."]
[Black "Haddad, Wade"]
[Result "1-0"]
[WhiteElo "1605"]
[BlackElo "1605"]
[PlyCount "101"]
[EventDate "1998.05.??"]

{5/23} 1. d4 d5 2. Nc3 Nf6 3. h3 e6 4. Nf3 Bb4 5. Bg5 Nbd7 6. Qd3 Be7 7. Ne5 c5
8. Nxd7 Nxd7 9. Bxe7 Qxe7 10. O-O-O O-O 11. e4 dxe4 12. Nxe4 cxd4 13. Qxd4 Nb6
14. Qd6 Qxd6 15. Rxd6 Nd5 16. Bc4 Ne7 17. Rhd1 g6 18. Ng5 Nf5 19. Rd8 Rxd8 20.
Rxd8+ Kg7 21. g4 a6 22. gxf5 gxf5 23. Nxe6+ Bxe6 24. Rxa8 Bxc4 25. Rd8 Bxa2 26.
f4 Bc4 27. b4 Bb5 28. Rd6 Bc4 29. Kd2 Bf1 30. h4 Bc4 31. Ke3 Be6 32. Rb6 Bd5
33. Kd4 Bc6 34. c4 Kg6 35. b5 Kh5 36. bxc6 bxc6 37. Rxa6 Kxh4 38. Rxc6 h5 39.
Rh6 Kg4 40. Ke5 h4 41. c5 h3 42. c6 Kg3 43. Kxf5 f6 44. c7 Kg2 45. c8=Q h2 46.
Qb7+ Kg1 47. Rg6+ Kf2 48. Rg3 Kxg3 49. Qh1 Kh3 50. Qf3+ Kh4 51. Qg4# 1-0

[Event "Michigan Class D/E"]
[Site "Grand Rapids, MI"]
[Date "1998.??.??"]
[Round "?"]
[White "Crysler, Jerry"]
[Black "Roth, Bruce"]
[Result "1/2-1/2"]
[WhiteElo "1605"]
[BlackElo "1605"]
[PlyCount "116"]
[EventDate "1998.01.??"]

1. Nf3 d5 2. c4 e6 3. cxd5 exd5 4. g3 Nf6 5. Bg2 b6 6. O-O Bb7 7. Nc3 Bd6 8. d4
h6 9. Nh4 O-O 10. Nf5 Qd7 11. Bh3 Qd8 12. Qc2 Re8 13. Nxh6+ gxh6 14. Bxh6 Ne4
15. Bf5 Qf6 16. Bxe4 dxe4 17. Be3 a6 18. d5 Qg6 19. Rad1 Nd7 20. Bd4 Re7 21. f4
exf3 22. Qxg6+ fxg6 23. exf3 Bb4 24. f4 Bxc3 25. Bxc3 Rf7 26. d6 c5 27. Rfe1
Bc6 28. Re6 Nf8 29. Re7 Rxe7 30. dxe7 Nd7 31. Bf6 Kf7 32. Bg5 Re8 33. Rd6 Nb8
34. Rf6+ Kg7 35. Rd6 c4 36. h4 Be4 37. Rxb6 Nc6 38. Rxa6 Nxe7 39. Ra7 Kf7 40.
Rxe7+ Rxe7 41. Bxe7 Kxe7 42. a3 Kd6 43. Kf2 Kc5 44. Ke3 Kd5 45. g4 Bd3 46. h5
gxh5 47. gxh5 Bf5 48. h6 Kc5 49. a4 Kb4 50. Kd4 Bd3 51. a5 Kxa5 52. Kc3 Kb5 53.
b3 Kc5 54. bxc4 Bf5 55. Kd2 Kxc4 56. Ke3 Kd5 57. Kf3 Ke6 58. Kg3 Kf6 1/2-1/2

[Event "Lansing Mini-Swiss.3"]
[Site "Lansing, MI"]
[Date "1998.??.??"]
[Round "?"]
[White "Crysler, Jerry"]
[Black "Roth, Bruce"]
[Result "0-1"]
[WhiteElo "1605"]
[BlackElo "1605"]
[PlyCount "78"]
[EventDate "1998.??.??"]

1. g3 g6 2. Bg2 Bg7 3. c4 e5 4. d3 d6 5. Nc3 Nf6 6. Bg5 O-O 7. Nd5 c6 8. Nxf6+
Bxf6 9. Bxf6 Qxf6 10. b3 Nd7 11. Nf3 Re8 12. O-O Qe7 13. Nd2 Nf6 14. Qc1 d5 15.
cxd5 cxd5 16. e3 b6 17. Qb2 Ba6 18. Rfd1 Bxd3 19. Nf1 e4 20. f4 exf3 21. Rxd3
fxg2 22. Qxg2 Qe4 23. Rad1 Qxg2+ 24. Kxg2 h5 25. h3 Re7 26. Nd2 Rae8 27. Re1 d4
28. Nf1 dxe3 29. Nxe3 Nd7 30. Kf2 f5 31. Rdd1 Nf6 32. Rd6 Ne4+ 33. Kf3 Nxd6 34.
Kf4 Re4+ 35. Kf3 g5 36. Kf2 f4 37. gxf4 gxf4 38. Nd5 Rxe1 39. Nf6+ Kf7 0-1

[Event "Lansing Mini-Swiss.3"]
[Site "Lansing, MI"]
[Date "1998.??.??"]
[Round "?"]
[White "Crysler, Jerry"]
[Black "Reist, Douglas"]
[Result "1-0"]
[WhiteElo "1605"]
[BlackElo "1605"]
[PlyCount "69"]
[EventDate "1998.??.??"]

1. g3 d5 2. Bg2 Nf6 3. c4 e6 4. cxd5 Nxd5 5. Nc3 c6 6. Nf3 Be7 7. O-O O-O 8. a3
Nd7 9. Qc2 N7f6 10. e4 Nxc3 11. bxc3 Qc7 12. d3 e5 13. Bb2 Re8 14. c4 Bf8 15.
Qc3 Nd7 16. Bh3 f6 17. Bf5 Nc5 18. Bxc8 Raxc8 19. Qc2 Rcd8 20. Rad1 Qb6 21. Qe2
Nxd3 22. Rxd3 Rxd3 23. Qxd3 Qxb2 24. Rb1 Qxa3 25. Qd7 Re7 26. Qd1 b6 27. Nh4
Re8 28. Nf5 g6 29. Qd7 Qa2 30. Nh6+ Bxh6 31. Qxe8+ Bf8 32. Qe6+ Kg7 33. Rd1 Kh6
34. Qh3+ Kg5 35. Qh4# 1-0

[Event "Michigan Class D/E"]
[Site "Grand Rapids, MI"]
[Date "1998.??.??"]
[Round "?"]
[White "Crysler, Jerry"]
[Black "Miller, Jess"]
[Result "0-1"]
[WhiteElo "1605"]
[BlackElo "1605"]
[PlyCount "146"]
[EventDate "1998.01.??"]

1. Nf3 c5 2. c4 Nf6 3. d3 e6 4. g3 d5 5. cxd5 exd5 6. Bg2 Nc6 7. O-O Be7 8. a3
O-O 9. Qc2 d4 10. Nbd2 Rb8 11. Nc4 Re8 12. Bf4 Ra8 13. Nce5 Nxe5 14. Nxe5 Nd5
15. Qc4 Be6 16. Qc1 Nxf4 17. Qxf4 Rb8 18. e4 Bd6 19. Bf3 Qc7 20. Qd2 Bxe5 21.
Bg2 c4 22. f4 Bd6 23. f5 Bd7 24. f6 Be5 25. Qg5 Bxf6 26. Rxf6 Re5 27. Rf5 Bxf5
28. exf5 Rbe8 29. Be4 f6 30. Qd2 cxd3 31. Rc1 Qxc1+ 32. Qxc1 Rxe4 33. Qc4+ Kh8
34. Qxd3 h6 35. Kg2 Re2+ 36. Kh3 R8e3 37. Qb5 Re5 38. Qd7 Rf2 39. Qxd4 Rexf5
40. Qd8+ Kh7 41. Qd3 Kg6 42. Kg4 h5+ 43. Kh3 Kh6 44. Qe3+ g5 45. Qc1 Kg6 46.
Qg1 g4+ 47. Kh4 Rxb2 48. h3 Rff2 49. Qd1 Rbd2 50. Qb1+ Rc2 51. Qb5 f5 52. Qe8+
Kf6 53. Kxh5 gxh3 54. Qg6+ Ke5 55. Qe8+ Kd4 56. Qd7+ Kc3 57. Qg7+ Kb3 58. Qxb7+
Kxa3 59. Qxa7+ Kb2 60. Qb7+ Kc1 61. Qh1+ Kb2 62. Kh4 h2 63. Qb7+ Kc1 64. Qh1+
Kb2 65. Kg5 Rg2 66. Kh4 Rg1 67. Qb7+ Kc1 68. Kg5 h1=Q 69. Qb8 Rxg3+ 70. Kxf5
Qf3+ 71. Ke6 Re2+ 72. Kd7 Qd3+ 73. Kc6 Rc2+ 0-1

[Event "Lansing Mini-Swiss.3"]
[Site "Lansing, MI"]
[Date "1998.??.??"]
[Round "?"]
[White "Crysler, Jerry"]
[Black "Haddad, Wade"]
[Result "1-0"]
[WhiteElo "1605"]
[BlackElo "1605"]
[PlyCount "75"]
[EventDate "1998.??.??"]

1. g3 d5 2. Bg2 Nf6 3. c4 c6 4. cxd5 cxd5 5. Nc3 e6 6. Nf3 Be7 7. O-O O-O 8.
Qc2 Bd7 9. d4 Nc6 10. Bf4 Re8 11. a3 Qb6 12. e3 Na5 13. Ng5 Rac8 14. Be5 g6 15.
Rab1 Qb3 16. Qe2 Nc4 17. Nf3 Ng4 18. Bf4 b6 19. h3 Nf6 20. Ne5 Nxa3 21. Ra1 Nb5
22. Nxd7 Nxd7 23. Qxb5 Qxb5 24. Nxb5 Rc2 25. Rxa7 Nb8 26. Bxb8 Rxb8 27. Rxe7
Rxb2 28. Nd6 Rf8 29. Re8 b5 30. Rxf8+ Kxf8 31. Bf3 b4 32. Nb7 Ke7 33. Nc5 Kd6
34. Bd1 e5 35. Nd3 b3 36. Nxb2 exd4 37. exd4 Ke6 38. Bxb3 1-0

[Event "Michigan Amateur"]
[Site "Kalamazoo "]
[Date "1998.??.??"]
[Round "?"]
[White "Crysler, Jerry"]
[Black "Coleman, John"]
[Result "0-1"]
[WhiteElo "1605"]
[BlackElo "1920"]
[PlyCount "104"]
[EventDate "1998.07.??"]

{7/18} 1. g3 d5 2. Bg2 e5 3. c4 c6 4. cxd5 cxd5 5. Qb3 Nf6 6. Qb5+ Qd7 7. Nc3
Qxb5 8. Nxb5 Na6 9. a3 Bd7 10. Nc3 Bc6 11. b4 Nc7 12. Nf3 Bd6 13. d4 e4 14. Ne5
Bxe5 15. dxe5 Nd7 16. Bb2 O-O 17. O-O Rfe8 18. f4 exf3 19. exf3 Nxe5 20. Rad1
Nc4 21. Bc1 Ne3 22. Bxe3 Rxe3 23. Nb1 Rae8 24. Rc1 Nb5 25. f4 f6 26. Rcd1 Nc7
27. Rc1 R8e7 28. Rc3 Rxc3 29. Nxc3 Re3 30. Nb1 Kf7 31. Kf2 Rb3 32. Rc1 Ke6 33.
Re1+ Kd6 34. Bf1 a6 35. Rd1 Bb5 36. Bxb5 Nxb5 37. Nd2 Rb2 38. Ke3 d4+ 39. Kf3
Kd5 40. Nf1 Rb3+ 41. Kg4 Rxa3 42. Nd2 Ra2 43. h4 Nc3 44. Re1 Rxd2 45. Re7 Re2
46. Rxg7 d3 47. Rxh7 d2 48. Kf5 Ne4 49. Rd7+ Nd6+ 50. Kxf6 Re6+ 51. Kg5 d1=Q
52. g4 Kc6 0-1

[Event "Michigan Amateur"]
[Site "Kalamazoo "]
[Date "1998.??.??"]
[Round "?"]
[White "Crysler, Jerry"]
[Black "Choate, Eric"]
[Result "0-1"]
[WhiteElo "1605"]
[BlackElo "1605"]
[PlyCount "96"]
[EventDate "1998.07.??"]

{7/19} 1. g3 e5 2. Bg2 Bc5 3. d3 d6 4. Nf3 Nc6 5. O-O h6 6. c4 Nf6 7. Nbd2 O-O
8. a3 a5 9. Nh4 Bd7 10. Ne4 Nxe4 11. Bxe4 Qf6 12. Bd2 Bh3 13. Bg2 Bxg2 14. Nxg2
Rfe8 15. e3 Qf5 16. Qe2 Rad8 17. f4 exf4 18. Rxf4 Qe6 19. Raf1 Re7 20. d4 Nxd4
21. Qh5 Nc6 22. h3 Bb6 23. Kh2 d5 24. Rg4 dxc4 25. Nf4 Rxd2+ 26. Ng2 Qd5 27.
Qxd5 Rxd5 28. Rxc4 Rd2 29. Kh1 Rxe3 30. b4 axb4 31. axb4 Rd4 32. Rxd4 Bxd4 33.
Rd1 Re4 34. Nh4 Nxb4 35. Nf5 Nc6 36. Rb1 Bb6 37. Kg2 Nd4 38. Nxd4 Rxd4 39. g4
Rd3 40. Re1 Kf8 41. Re2 g6 42. Re4 Bc5 43. Ra4 b6 44. Ra8+ Kg7 45. Rc8 Bd6 46.
Rb8 Rg3+ 47. Kh2 Rxg4+ 48. Kh1 Rg3 0-1

[Event "Michigan Class D/E"]
[Site "Grand Rapids, MI"]
[Date "1998.??.??"]
[Round "?"]
[White "Crysler, Jerry"]
[Black "Belill, Nathan"]
[Result "0-1"]
[WhiteElo "1605"]
[BlackElo "1605"]
[PlyCount "130"]
[EventDate "1998.01.??"]

1. Nf3 d5 2. d4 e6 3. g3 Nf6 4. Bg2 c5 5. O-O Nc6 6. c3 Bd6 7. Nbd2 cxd4 8.
cxd4 O-O 9. a3 Ne7 10. Re1 Nf5 11. e4 dxe4 12. Nxe4 Nxe4 13. Rxe4 Bd7 14. Ne5
Be8 15. Qe1 Bxe5 16. dxe5 Bc6 17. Re2 Bxg2 18. Kxg2 Rc8 19. Bf4 Qb6 20. b4 Qc6+
21. Kg1 Nd4 22. Re3 Nf3+ 23. Rxf3 Qxf3 24. a4 Rc2 25. Be3 Qe2 26. Qxe2 Rxe2 27.
Bc5 Rc8 28. Bxa7 Rxe5 29. a5 Rc6 30. Rd1 Rd5 31. Re1 Rcd6 32. Kg2 f6 33. Bc5
Rc6 34. f4 Kf7 35. Re2 Rd3 36. Rc2 Ra3 37. Rd2 Ke8 38. h4 h5 39. Re2 Rd3 40.
Rb2 Kd7 41. Bf2 Rcc3 42. Be1 Rb3 43. Rc2 Re3 44. Bf2 Rec3 45. Re2 Rd3 46. Re4
f5 47. Rc4 Rbc3 48. Rd4+ Rxd4 49. Bxd4 Rc2+ 50. Kh3 g6 51. Bg7 Kc6 52. Be5 Rc4
53. Bf6 Rxb4 54. Bd8 Rb2 55. Bb6 Ra2 56. Bd8 Kb5 57. Bc7 Rxa5 58. Bxa5 Kxa5 59.
Kg2 Kb4 60. Kf3 Kc3 61. Ke2 b5 62. Kd1 Kb2 63. Kd2 b4 64. Kd3 b3 65. Kd2 Ka2
0-1

[Event "Michigan Open Reserve"]
[Site "Flint, MI"]
[Date "1998.??.??"]
[Round "?"]
[White "Crist, Kevin"]
[Black "Gregg, Ted"]
[Result "0-1"]
[WhiteElo "1605"]
[BlackElo "1605"]
[PlyCount "54"]
[EventDate "1998.09.??"]

1. e4 e5 2. Nf3 Nc6 3. Bc4 Bc5 4. O-O Nf6 5. d3 O-O 6. Ng5 d6 7. Nd2 Bg4 8.
Ndf3 Nd4 9. Be3 Nxf3+ 10. Nxf3 Bb6 11. Bxb6 axb6 12. c3 c6 13. d4 Nxe4 14. h3
Bh5 15. g4 Bg6 16. dxe5 d5 17. Bd3 Ng5 18. Bxg6 fxg6 19. Nd4 Nxh3+ 20. Kg2 Qh4
21. Nf3 Qxg4+ 22. Kh2 Rxf3 23. Qe2 Qf4+ 24. Kg2 Rf8 25. e6 Nxf2 26. Qxf3 Qxf3+
27. Kh2 Qh3+ 0-1

[Event "Michigan Open Reserve"]
[Site "Flint, MI"]
[Date "1998.??.??"]
[Round "?"]
[White "Crist, Kevin"]
[Black "Dolin, Jack"]
[Result "0-1"]
[WhiteElo "1605"]
[BlackElo "1605"]
[PlyCount "110"]
[EventDate "1998.09.??"]

1. d4 d5 2. c4 e6 3. Nc3 Nf6 4. Bg5 Be7 5. e3 O-O 6. Bd3 h6 7. Bxf6 Bxf6 8.
Nge2 dxc4 9. Bxc4 Nd7 10. O-O e5 11. Ne4 Nb6 12. Nxf6+ Qxf6 13. Bb3 exd4 14.
Qxd4 Qxd4 15. Nxd4 c6 16. h3 Nd5 17. Rad1 Re8 18. Bc2 c5 19. Nb5 Re5 20. Nc3
Be6 21. Nb5 a6 22. Na3 Rg5 23. Be4 Rd8 24. f4 Rh5 25. Nc4 f5 26. Bf3 Rh4 27.
Rfe1 g5 28. Rd2 g4 29. hxg4 fxg4 30. Be4 Rh5 31. Nb6 Kf7 32. Rf1 Ke7 33. f5
Nxb6 34. fxe6 Rxd2 35. Bxb7 Rxb2 36. Bxa6 Rxa2 37. Bd3 c4 38. Bg6 Re5 39. Bf5
Rxe3 40. Bxg4 Rxe6 41. Bxe6 Kxe6 42. Rd1 Ra5 43. Rb1 Nd5 44. g3 c3 45. Re1+ Kd6
46. Rc1 Ra2 47. Kf1 Rb2 48. Ke1 Kc5 49. g4 Kd4 50. Rd1+ Kc4 51. Rc1 Kd3 52.
Rd1+ Rd2 53. Ra1 Re2+ 54. Kd1 Ne3+ 55. Kc1 Re1# 0-1

[Event "Michigan Open Reserve"]
[Site "Flint, MI"]
[Date "1998.??.??"]
[Round "?"]
[White "Crist, Kevin"]
[Black "Clay, C."]
[Result "0-1"]
[WhiteElo "1605"]
[BlackElo "1605"]
[PlyCount "64"]
[EventDate "1998.09.??"]

1. d4 Nf6 2. c4 c5 3. Nf3 e6 4. Bg5 Be7 5. Nc3 cxd4 6. Nxd4 O-O 7. e3 e5 8. Nf5
d5 9. Nxe7+ Qxe7 10. cxd5 Bf5 11. Bc4 Nbd7 12. O-O Qd6 13. Qf3 Bg6 14. e4 Nc5
15. Bxf6 Qxf6 16. Qe3 Nd7 17. Rad1 Rfd8 18. h3 Nb6 19. Be2 Qf4 20. Qd3 Rac8 21.
f3 Nc4 22. Rb1 Nd2 23. Rfd1 Nxb1 24. Rxb1 Rd6 25. Bf1 Rcd8 26. Rd1 a6 27. a3
Bh5 28. b4 Rg6 29. Kh1 Rdd6 30. Qc2 Rg3 31. Ne2 Rxh3+ 32. Kg1 Qe3# 0-1

[Event "Michigan Open Reserve"]
[Site "Flint, MI"]
[Date "1998.??.??"]
[Round "?"]
[White "Crann, Bill"]
[Black "Walters, M."]
[Result "0-1"]
[WhiteElo "1605"]
[BlackElo "1605"]
[PlyCount "130"]
[EventDate "1998.09.??"]

1. d4 d5 2. e3 Nf6 3. Bd3 e6 4. Nd2 g6 5. f4 Bg7 6. Ngf3 Ng4 7. Qe2 f5 8. O-O
Nc6 9. c3 O-O 10. b3 Bf6 11. Ba3 Be7 12. Bxe7 Qxe7 13. Ne5 Ncxe5 14. fxe5 Qh4
15. Nf3 Qh6 16. Rae1 Qg7 17. c4 dxc4 18. Bxc4 f4 19. Ng5 Nxe3 20. Bxe6+ Kh8 21.
Rf3 Qe7 22. Nxh7 Kxh7 23. Rh3+ Kg7 24. Bxc8 Raxc8 25. Qf2 Nd5 26. e6 Ne3 27.
Re2 Qg5 28. g3 fxg3 29. Qxe3 gxh2+ 30. Kxh2 Qxe3 31. Rhxe3 Rh8+ 32. Kg3 Kf8 33.
d5 Ke7 34. Kg4 Rh5 35. Rd2 Rf8 36. Rh3 Rff5 37. Rxh5 Rxh5 38. a3 b6 39. Rc2
Rxd5 40. Rxc7+ Kxe6 41. Rxa7 Ra5 42. Rxa5 bxa5 43. Kg5 Kd6 44. b4 a4 45. Kxg6
Kd5 46. b5 Kc5 47. b6 Kxb6 48. Kf5 Kc5 49. Ke4 Kc4 50. Ke5 Kb3 51. Kd4 Kxa3 52.
Kc3 Ka2 53. Kc4 a3 54. Kb4 Kb2 55. Ka4 a2 56. Kb4 a1=Q 57. Kb5 Qa3 58. Kc6 Qa5
59. Kd6 Kc3 60. Kc6 Kd4 61. Kd6 Qa6+ 62. Kc7 Ke5 63. Kd7 Qb7+ 64. Ke8 Ke6 65.
Kf8 Qf7# 0-1

[Event "Michigan Open Reserve"]
[Site "Flint, MI"]
[Date "1998.??.??"]
[Round "?"]
[White "Crann, Bill"]
[Black "Russell, Scott"]
[Result "0-1"]
[WhiteElo "1605"]
[BlackElo "1605"]
[PlyCount "78"]
[EventDate "1998.09.??"]

1. d4 d5 2. e3 e6 3. Bd3 Nf6 4. Nd2 c5 5. c3 c4 6. Bc2 Be7 7. f4 O-O 8. Ngf3
Nh5 9. O-O Nf6 10. Ne5 Bd6 11. b3 b5 12. bxc4 bxc4 13. Rb1 Bxe5 14. fxe5 Nfd7
15. Ba3 Re8 16. Qh5 g6 17. Qh6 f5 18. Rf3 Nf8 19. Rh3 Qd7 20. Rf1 Qg7 21. Qg5
Bd7 22. Rf4 Bb5 23. Rfh4 Nbd7 24. Rh6 Rac8 25. Nf3 Rc6 26. Qh4 Ra6 27. Bxf8
Nxf8 28. Ng5 Re7 29. Nxh7 Nxh7 30. Rxh7 Qxh7 31. Qf6 Qg7 32. Qh4 Rxa2 33. Qf2
Rb7 34. g3 Ba4 35. g4 Bxc2 36. gxf5 Rb1+ 37. Kg2 Be4+ 38. Kg3 gxf5+ 39. Kh4
Qg4# 0-1

[Event "Michigan Open Reserve"]
[Site "Flint, MI"]
[Date "1998.??.??"]
[Round "?"]
[White "Crann, Bill"]
[Black "Plummer, L."]
[Result "1/2-1/2"]
[WhiteElo "1605"]
[BlackElo "1605"]
[PlyCount "49"]
[EventDate "1998.09.??"]

1. d4 d5 2. e3 Nf6 3. Nd2 Nc6 4. c3 Bf5 5. f3 e6 6. Qe2 Bd6 7. e4 dxe4 8. fxe4
Bg4 9. Ngf3 Nd7 10. Qe3 Qf6 11. Be2 O-O 12. O-O Bxf3 13. Nxf3 e5 14. Nxe5 Qxe5
15. dxe5 Bc5 16. e6 Bxe3+ 17. Bxe3 fxe6 18. Bc4 Rae8 19. Rad1 Nde5 20. Be2
Rxf1+ 21. Rxf1 Rf8 22. Bf4 b6 23. Bb5 Rf7 24. Be2 Ng6 25. Bg3 1/2-1/2

[Event "Michigan Open Reserve"]
[Site "Flint, MI"]
[Date "1998.??.??"]
[Round "?"]
[White "Cox, Nick"]
[Black "Poniatowski, Don"]
[Result "0-1"]
[WhiteElo "1605"]
[BlackElo "1605"]
[PlyCount "106"]
[EventDate "1998.09.??"]

1. e4 Nf6 2. Nc3 d5 3. exd5 Nxd5 4. Bc4 Nxc3 5. bxc3 e6 6. Nf3 b6 7. O-O Bb7 8.
d4 Be7 9. Bf4 Nd7 10. Qe2 O-O 11. Ba6 Bc6 12. Qd3 Nf6 13. Be5 Qd7 14. Bxf6 Bxf6
15. Ne5 Bxe5 16. dxe5 Rad8 17. Qxd7 Rxd7 18. Rab1 Rfd8 19. c4 Rd2 20. Rbc1 h6
21. Bb5 Bb7 22. Ba4 c5 23. c3 Rxa2 24. Rfd1 Rxd1+ 25. Bxd1 Rd2 26. Bc2 Ba6 27.
Bb3 Kf8 28. Kf1 Bb7 29. g3 Ke7 30. Ke1 Rd8 31. Ke2 a6 32. f4 g5 33. fxg5 hxg5
34. g4 Rh8 35. Ke3 Rxh2 36. Bd1 f5 37. gxf5 exf5 38. Rb1 Rh6 39. Bc2 Re6 40.
Kf2 f4 41. Bf5 Rxe5 42. Bh3 b5 43. cxb5 axb5 44. Rxb5 Bc6 45. Ra5 f3 46. Bg4
Re2+ 47. Kf1 Rc2 48. Rxc5 Kd6 49. Rxg5 Rxc3 50. Rf5 Be4 51. Rf8 Ke5 52. Kf2
Rc2+ 53. Ke3 Re2# 0-1

[Event "Michigan Open Reserve"]
[Site "Flint, MI"]
[Date "1998.??.??"]
[Round "?"]
[White "Cox, Nick"]
[Black "Pascoe, Bramwell"]
[Result "1-0"]
[WhiteElo "1605"]
[BlackElo "1605"]
[PlyCount "95"]
[EventDate "1998.09.??"]

1. e4 e5 2. Nf3 Nc6 3. Bc4 Nf6 4. Nc3 Be7 5. d4 d6 6. dxe5 dxe5 7. Qxd8+ Bxd8
8. O-O O-O 9. Bg5 Nb4 10. Bb3 Nc6 11. a3 Be7 12. Nb5 Bg4 13. Nxc7 Rac8 14. Nd5
Nxd5 15. exd5 Bxf3 16. Bxe7 Nxe7 17. gxf3 Rcd8 18. Rfe1 Nxd5 19. Rxe5 Nf4 20.
Re4 Nh3+ 21. Kg2 Ng5 22. Ree1 Kh8 23. f4 Ne6 24. Bxe6 fxe6 25. Rxe6 Rxf4 26.
Rae1 Rff8 27. Re7 Rb8 28. Rc7 h6 29. Ree7 Rg8 30. Rxb7 Rbc8 31. Rec7 Rxc7 32.
Rxc7 Rb8 33. b3 a5 34. a4 Re8 35. Ra7 Re5 36. c3 Rc5 37. b4 Rxc3 38. Rxa5 Rb3
39. b5 g5 40. Kf1 Kg7 41. Ke1 Kf6 42. Kd2 Ke5 43. b6+ Kd4 44. Rb5 Ra3 45. b7
Ra2+ 46. Kc1 Kc3 47. b8=Q Rxa4 48. Qg3+ 1-0

[Event "Michigan Open Reserve"]
[Site "Flint, MI"]
[Date "1998.??.??"]
[Round "?"]
[White "Cox, Nick"]
[Black "Mitchell, Dave"]
[Result "0-1"]
[WhiteElo "1605"]
[BlackElo "1605"]
[PlyCount "86"]
[EventDate "1998.09.??"]

1. e4 d6 2. Nc3 Nf6 3. Nf3 Bg4 4. h3 Bh5 5. Bc4 c6 6. g4 Bg6 7. Ng5 e6 8. d3 h6
9. Nf3 Be7 10. e5 dxe5 11. Nxe5 Bh7 12. g5 hxg5 13. Bxg5 Nfd7 14. Bxe7 Qxe7 15.
Nxd7 Nxd7 16. Qf3 Ne5 17. Qf4 Qc7 18. O-O-O Nxd3+ 19. Bxd3 Qxf4+ 20. Kb1 O-O-O
21. Bxh7 Rxh7 22. Rxd8+ Kxd8 23. Rd1+ Kc7 24. a3 Rxh3 25. Rg1 g6 26. Rf1 Qf3
27. Na4 Rh1 28. Rxh1 Qxh1+ 29. Ka2 Qf1 30. Nc3 Qxf2 31. Kb1 f5 32. b4 g5 33.
Kb2 g4 34. Nd1 Qd4+ 35. Nc3 g3 36. Kb3 g2 37. Ne2 Qe3+ 38. Nc3 g1=Q 39. Kb2
Qgc1+ 40. Kb3 Qb1+ 41. Ka4 Qxc3 42. Ka5 Qe5+ 43. Ka4 Qxc2# 0-1

[Event "Michigan Open Reserve"]
[Site "Flint, MI"]
[Date "1998.??.??"]
[Round "?"]
[White "Cowans, Winston"]
[Black "Plummer, L."]
[Result "1-0"]
[WhiteElo "1605"]
[BlackElo "1605"]
[PlyCount "55"]
[EventDate "1998.09.??"]

1. d4 d5 2. Bg5 h6 3. Bh4 Nc6 4. Nf3 Bg4 5. e3 Bxf3 6. Qxf3 Nb4 7. Qd1 g5 8.
Bg3 Nf6 9. a3 Nc6 10. Nc3 e6 11. Bb5 Qd7 12. Be5 Be7 13. Qf3 a6 14. Bxc6 Qxc6
15. Bxf6 Bxf6 16. Qxf6 Kd7 17. Qxf7+ Kd8 18. h4 Qe8 19. Qf6+ Kd7 20. hxg5 Rf8
21. Qxh6 Qf7 22. O-O-O Qxf2 23. Rhf1 Qxe3+ 24. Kb1 Rxf1 25. Rxf1 Qxd4 26. Rf7+
Kc6 27. Qxe6+ Kc5 28. Rxc7# 1-0

[Event "Michigan Class D/E"]
[Site "Grand Rapids, MI"]
[Date "1998.??.??"]
[Round "?"]
[White "Cowans, Winston"]
[Black "Kyser, Bob"]
[Result "0-1"]
[WhiteElo "1605"]
[BlackElo "1605"]
[PlyCount "54"]
[EventDate "1998.01.??"]

1. e4 e5 2. Nf3 Nc6 3. Bc4 Nf6 4. Nc3 Bc5 5. O-O d6 6. d3 Bg4 7. Bg5 Nd4 8. h3
Nxf3+ 9. gxf3 Bxh3 10. Re1 h6 11. Bh4 h5 12. Qd2 Rh6 13. Nd5 Rg6+ 14. Kh2 Bxf2
15. Nxf6+ gxf6 16. Qxf2 Rg2+ 17. Qxg2 Bxg2 18. Kxg2 Ke7 19. Rg1 Qh8 20. Kh3 Rg8
21. Rg3 Rg6 22. Rag1 Qh6 23. Bb3 Qf4 24. a3 Rxg3+ 25. Rxg3 Qc1 26. Rg7 Qh1+ 27.
Kg3 Qg1+ 0-1

[Event "Michigan Open Reserve"]
[Site "Flint, MI"]
[Date "1998.??.??"]
[Round "?"]
[White "Cowans, Winston"]
[Black "Houser, Rick"]
[Result "1/2-1/2"]
[WhiteElo "1605"]
[BlackElo "1605"]
[PlyCount "86"]
[EventDate "1998.09.??"]

1. d4 d5 2. Bg5 h6 3. Bh4 Nc6 4. Nf3 Bf5 5. c3 Qd7 6. e3 e6 7. Bd3 Bxd3 8. Qxd3
Be7 9. Bg3 Nf6 10. h4 Bd6 11. Bxd6 Qxd6 12. Nbd2 g6 13. b4 a6 14. a4 O-O 15.
O-O Rfe8 16. b5 Na5 17. Ne5 Kg7 18. f4 h5 19. c4 axb5 20. cxb5 b6 21. Rfc1 Rac8
22. Ndf3 Ng4 23. g3 f5 24. Ng5 Nxe5 25. fxe5 Qb4 26. Rcb1 Qc4 27. Rd1 Qxd3 28.
Rxd3 Nc4 29. Nf3 Ra8 30. Nd2 Nxd2 31. Rxd2 Ra7 32. Rc2 Rc8 33. Rc6 Kf7 34. Kf2
Re8 35. Kf3 Kg7 36. Kf4 Kh6 37. Ra3 Re7 38. Rc1 Ra8 39. Kf3 g5 40. hxg5+ Kxg5
41. Raa1 Ra7 42. Rc3 Rb7 43. Rca3 Ra7 1/2-1/2

[Event "Michigan Open Reserve"]
[Site "Flint, MI"]
[Date "1998.??.??"]
[Round "?"]
[White "Cowans, Winston"]
[Black "Dolin, Jack"]
[Result "1-0"]
[WhiteElo "1605"]
[BlackElo "1605"]
[PlyCount "72"]
[EventDate "1998.09.??"]

1. d4 d5 2. Bg5 Nf6 3. Bxf6 exf6 4. Nf3 Bb4+ 5. c3 Bd6 6. e3 O-O 7. h4 Bg4 8.
Bd3 f5 9. Qb3 Bxf3 10. gxf3 f4 11. e4 dxe4 12. fxe4 b6 13. Nd2 Nd7 14. O-O-O c5
15. Qd5 Nf6 16. Qf5 g6 17. Rdg1 Kh8 18. Qh3 cxd4 19. Nf3 dxc3 20. b3 Re8 21.
Ng5 Kg7 22. f3 Bc5 23. Rd1 Be3+ 24. Kc2 Qc7 25. Bc4 Re7 26. h5 Kh8 27. hxg6
fxg6 28. Qh6 Rb8 29. Qxg6 Rf8 30. Rh6 Rg7 31. Qf5 Qe7 32. Nf7+ Rfxf7 33. Bxf7
Rxf7 34. Qc8+ Rf8 35. Qxc3 Qg7 {[Remainder illegible]} 36. Rdh1 Kg8 1-0

[Event "Michigan Open Reserve"]
[Site "Flint, MI"]
[Date "1998.??.??"]
[Round "?"]
[White "Councell, Keith"]
[Black "Wiener, Jack"]
[Result "1-0"]
[WhiteElo "1605"]
[BlackElo "1605"]
[PlyCount "175"]
[EventDate "1998.09.??"]

1. e4 c5 2. Nf3 e6 3. Nc3 Nc6 4. Bb5 Nd4 5. d3 Nxb5 6. Nxb5 Qa5+ 7. Nc3 Nf6 8.
Bd2 b5 9. Nd5 Qd8 10. Ne3 Be7 11. O-O Bb7 12. a4 b4 13. b3 a5 14. Ne5 d6 15.
N5c4 O-O 16. Qf3 Qc7 17. Qg3 Kh8 18. Rfe1 e5 19. Nf5 Rg8 20. f4 Nh5 21. Qg4
Nxf4 22. Bxf4 exf4 23. Qxf4 Rad8 24. e5 dxe5 25. Nxe5 Bd6 26. Nxd6 Rgf8 27.
Ndxf7+ Kg8 28. Qg5 Rc8 29. Rf1 Bd5 30. Nh6+ Kh8 31. Rxf8+ Rxf8 32. Nhg4 Be6 33.
Qh4 Bf5 34. Rf1 Qd6 35. Qh5 Qe6 36. h3 h6 37. Rf2 Kh7 38. Qh4 Qd6 39. Nc4 Qd4
40. Qe7 Kg8 41. Nce3 Rf7 42. Qe8+ Rf8 43. Qh5 Bxg4 44. Rxf8+ Kxf8 45. Qxg4
Qxe3+ 46. Kh2 Qe5+ 47. Qg3 Qc3 48. Qb8+ Kf7 49. Qa7+ Kg6 50. Qxa5 Qxc2 51. Qb6+
Kh5 52. a5 Qxd3 53. Qxc5+ g5 54. Qxb4 Qd5 55. Qc3 Qd6+ 56. Qg3 Qa3 57. Qf3+ Kg6
58. Qd3+ Kf6 59. Qd8+ Kg6 60. Qb6+ Kg7 61. a6 Qa1 62. Qd6 h5 63. Qd7+ Kf6 64.
Qc7 Qxa6 65. b4 h4 66. Qd8+ Kf5 67. Qd5+ Kg6 68. b5 Qa4 69. Qd6+ Kf5 70. b6 Qb5
71. Qc7 g4 72. hxg4+ Kxg4 73. b7 h3 74. b8=Q Qxb8 75. Qxb8 hxg2 76. Qg3+ Kf5
77. Qxg2 Kf4 78. Qe2 Kf5 79. Qe3 Kg4 80. Qf2 Kg5 81. Qf3 Kg6 82. Qf4 Kh5 83.
Qg3 Kh6 84. Kg2 Kh5 85. Kf3 Kh6 86. Kf4 Kh7 87. Kf5 Kh8 88. Kf6 1-0